书目信息 |
| 书名: | Sport ethics | |
| 作者: | Angela Lumpkin, Sharon Kay Stoll, Jennifer M. Beller ; with the endorsement of the National Association for Sport and Physical Education | |
| 分册号: | ||
| 分册名: | 出版地: | St. Louis : |
|
| 出版社: | Mosby | |
| 出版时间: | c1994. | |
| 页数: | xiii, 207 p. : | |
| 开本: | 24 cm. | |
| 丛书名: | ||
| 中图分类号: | ||
| 科图分类号: | ||
| 其他分类号: | G803 | |
| 主题词: | ||
| 电子资源: | ||
| 000 | 01191nam 2200337 a 4500 | |
| 001 | E0739469202 | |
| 003 | DLC | |
| 005 | 20070513111406.67 | |
| 008 | 001 0 eng | |
| 008 | uu | |
| 010 | @a94012858 | |
| 020 | @a0801677319. | |
| 040 | @aDLC @cDLC @dDLC | |
| 043 | @an-us--- | |
| 049 | @aN5LA | |
| 050 | 00 | @aGV706.3 @b.L85 1995 |
| 082 | 00 | @a796/.01 @220 |
| 090 | @a2-95/G817.12/L95//////1134640 | |
| 090 | @aG803 | |
| 096 | @aG817.12 @v3 | |
| 099 | @dG803@ex24 | |
| 100 | 1 | @aLumpkin, Angela. |
| 245 | 10 | @aSport ethics :@bapplications for fair play / @cAngela Lumpkin, Sharon Kay Stoll, Jennifer M. Beller ; with the endorsement of the National Association for Sport and Physical Education |
| 260 | @aSt. Louis :@bMosby,@cc1994. | |
| 300 | @axiii, 207 p. :@bill. ;@c24 cm. | |
| 504 | @aIncludes bibliographical references and index. | |
| 650 | 0 | @aSports @zUnited States @xMoral and ethical aspects. |
| 700 | 10 | @aBeller, Jennifer Marie. |
| 700 | 10 | @aStoll, Sharon Kay. |
| 710 | 20 | @aNational Association for Sport and Physical Education. @b00 @c20020930 @lNLC09 @h2252 @lNLC09 @h0007 @lNLC09 @h1959 |
| 852 | 9 | @bWWJC @cJ09 @k2-95 @hG817.12 @iL95 |
| Sport ethics : : applications for fair play / / Angela Lumpkin, Sharon Kay Stoll, Jennifer M. Beller ; with the endorsement of the National Association for Sport and Physical Education.-St. Louis : : Mosby, , c1994. |
| xiii, 207 p. : : ill. ; ; 24 cm. |
| Includes bibliographical references and index. |
| ISBN 0801677319. |
| ● |
| 相关链接 |
|
|
|
|
正题名:Sport ethics
索取号:G803/x24
 
预约/预借
| 序号 | 登录号 | 条形码 | 馆藏地/架位号 | 状态 | 备注 |
| 1 | 008737 | 300087377 | 第二样本阅览室/ [索取号:G803/x24] | 在馆 |